[Event "Olympiad Women 2024"]
[Site "Budapest HUN"]
[Date "2024.09.15"]
[Round "5.9"]
[Board "4"]
[White "Calzetta Ruiz, Monica"]
[Black "Machlik, Monika"]
[Result "1/2-1/2"]
[WhiteElo "2199"]
[BlackElo "2109"]
[PlyCount "136"]
[EventDate "2024.09.11"]
[WhiteTeam "Spain"]
[BlackTeam "Norway"]
[WhiteTeamCountry "ESP"]
[BlackTeamCountry "NOR"]

1. e4 c6 2. d4 d5 3. e5 c5 4. dxc5 e6 5. Be3 Nd7 6. Bb5 Ne7 7. Nf3 Nf5 8. Bd4 Qa5+ 9. Nc3 a6 10. Bxd7+ Bxd7 11. O-O Bxc5 $146 ({RR} 11... Nxd4 12. Qxd4 Bxc5 13. Qg4 O-O 14. Nxd5 Bb5 15. b4 Qd8 16. Nf6+ Kh8 17. Rfd1 Qe7 18. bxc5 gxf6 19. Qh5 Rg8 20. Rd4 Be2 21. Rh4 Rg7 22. Re1 Bxf3 23. Qxf3 fxe5 24. Rxe5 Qxh4 25. g3 Qd4 26. Re4 {0-1 Jakubowska,A (2073)-Mohammad,N (2445) Speed Chess Super Swiss blitz 2020 (2)}) ({RR} 11... Nxd4 12. Nxd4 Qxc5 13. Qg4 Qb6 14. Rad1 h5 15. Qf3 Bc5 16. Nb3 Be7 17. Rd4 g5 18. Rfd1 Bc6 19. R4d3 g4 20. Qf4 Rg8 21. Qh6 O-O-O 22. Qxh5 Rdf8 23. Nd4 Rg6 24. b3 Qd8 25. Nxe6 Rxe6 26. Nxd5 {½-½ Petenyi,T (2428)-Cheparinov,I (2681) EU-ch 16th Jerusalem 2015 (1)}) ({RR} 11... Nxd4 12. Qxd4 Bxc5 13. Qf4 Qb4 14. Qd2 Rc8 15. a3 Qb6 16. Rfd1 O-O 17. Rab1 f6 18. Rf1 Qc7 19. Rbe1 Bxa3 20. exf6 Rxf6 21. Ne5 Bxb2 22. Nxd7 Rh6 23. Qxh6 gxh6 24. Nd1 Bg7 {0-1 Rodriguez Avila,A (2142)-Liu,Z (2325) 50th La Roda Open 2024 (3.14)}) 12. Bxc5 Qxc5 13. Ne2 Bb5 14. Re1 Bxe2 15. Rxe2 O-O 16. a4 b5 17. Ra3 b4 18. Rd3 Rfc8 19. g4 Ne7 20. Rd4 Nc6 21. Rf4 Rf8 22. Qd3 Qe7 23. g5 Qd8 24. Rh4 g6 25. Qd2 a5 26. Qf4 Ne7 27. Nd4 h5 28. gxh6 Nf5 29. Nxf5 exf5 30. h7+ Kh8 31. e6 Qf6 32. e7 Rfe8 33. Qe5 Qxe5 34. Rxe5 Ra7 35. Rxd5 Raxe7 36. Rxa5 Re1+ 37. Kg2 R1e2 38. Rc5 b3 39. cxb3 Rxb2 40. b4 g5 41. Rhc4 Kxh7 42. Rxf5 Kg6 43. Rf3 f5 44. Rc6+ Kh5 45. Rxf5 Rxb4 46. a5 Ra4 47. h3 Rh8 48. a6 Rh6 49. Rff6 Rh7 50. Rb6 g4 51. Rb7 gxh3+ 52. Kxh3 Rxb7 53. axb7 Rb4 54. Rf7 Kg6 55. Rc7 Kf5 56. Kg3 Rb3+ 57. f3 Rb2 58. Rh7 Kg6 59. Rc7 Kf5 60. Kh3 Kg5 61. Kg3 Kf5 62. f4 Rb3+ 63. Kg2 Kxf4 64. Kf2 Ke5 65. Ke2 Kd6 66. Rh7 Kc6 67. Kd2 Rxb7 68. Rxb7 Kxb7 1/2-1/2

[Event "Olympiad Women 2024"]
[Site "Budapest HUN"]
[Date "2024.09.15"]
[Round "5.10"]
[Board "1"]
[White "Stefanova, Antoaneta"]
[Black "Rogule, Laura"]
[Result "1-0"]
[WhiteElo "2416"]
[BlackElo "2248"]
[PlyCount "85"]
[EventDate "2024.09.11"]
[WhiteTeam "Bulgaria"]
[BlackTeam "Latvia"]
[WhiteTeamCountry "BUL"]
[BlackTeamCountry "LAT"]

1. Nf3 d5 2. g3 c6 3. Bg2 Bg4 4. O-O Nd7 5. d3 Ngf6 6. h3 Bh5 7. Qe1 e5 8. Nh4 Bc5 9. e4 dxe4 10. dxe4 O-O 11. a4 a5 12. Nd2 Re8 13. Nc4 Bf8 $146 ({RR} 13... Qc7 14. Bd2 b6 15. Bc3 Nf8 16. Nf5 N6d7 17. Kh1 f6 18. f3 Bf7 19. Qe2 Ne6 20. Rfd1 Nd4 21. Bxd4 exd4 22. f4 Rad8 23. Qg4 Bg6 24. Nxd4 Bxd4 25. Rxd4 Ne5 26. Nxe5 Rxd4 27. Nxg6 hxg6 28. Qxg6 {0-1 Efimov,L (2058)-Popov,K (2364) ch-Moscow Open Superfinal 2024 (1.25)}) ({RR} 13... Qc7 14. Nf5 Bg6 15. Bd2 b6 16. Qe2 Bf8 17. Rfd1 Nc5 18. Bg5 Nfd7 19. c3 Nb3 20. Ra2 Ndc5 21. Qc2 f6 22. Be3 Red8 23. Bxc5 Nxc5 24. Rxd8 Rxd8 25. Ra1 Bf7 26. Bf1 g6 27. Nfe3 Ne6 28. h4 {½-½ Dziuba,M (2553)-Thorfinnsson,B (2430) ISL-chT 1617 2016 (1.4)}) 14. Bg5 Qc7 15. f3 Re6 16. Bd2 b6 17. Kh1 Nc5 18. Bc3 Nfd7 19. f4 exf4 20. gxf4 f6 21. e5 fxe5 22. fxe5 Rae8 23. Qf2 Kh8 24. Nd6 Bxd6 25. exd6 Rxd6 26. Qg3 Nf6 27. Nf5 Rd7 28. Bxf6 gxf6 29. Qh4 Be2 30. Qxf6+ Rg7 31. Rfe1 Ne4 32. Qxg7+ Qxg7 33. Nxg7 Kxg7 34. Kh2 Nd6 35. Bxc6 Rc8 36. Rxe2 Rxc6 37. Rg1+ Kf6 38. Rf1+ Nf5 39. c3 Rc5 40. Re8 Kg6 41. Rb8 Rc6 42. Rg8+ Kf7 43. Rg5 1-0

[Event "Olympiad Women 2024"]
[Site "Budapest HUN"]
[Date "2024.09.15"]
[Round "5.10"]
[Board "2"]
[White "Berzina, Ilze"]
[Black "Salimova, Nurgyul"]
[Result "0-1"]
[WhiteElo "2200"]
[BlackElo "2412"]
[PlyCount "64"]
[EventDate "2024.09.11"]
[WhiteTeam "Latvia"]
[BlackTeam "Bulgaria"]
[WhiteTeamCountry "LAT"]
[BlackTeamCountry "BUL"]

1. e4 e5 2. Nf3 Nc6 3. Bb5 a6 4. Ba4 d6 5. Bxc6+ bxc6 6. d4 exd4 7. Nxd4 c5 8. Nf3 g6 ({RR} 8... Bb7 9. O-O Nf6 10. Nc3 Be7 11. Re1 O-O 12. Bg5 Re8 13. Qd3 h6 14. Bd2 Bf8 15. Rad1 Re6 16. Nd5 Nxd5 17. exd5 Rxe1+ 18. Rxe1 Qd7 19. c4 c6 20. dxc6 Qxc6 21. Qe2 a5 22. Bc3 a4 23. h3 {0-1 Polgar,J (2656)-Timman,J (2639) Keres Memorial rapid 2001 (5)}) 9. Bg5 ({RR} 9. O-O Bg7 10. e5 Bg4 11. exd6 cxd6 12. Re1+ Ne7 13. Bg5 Be6 14. Nc3 O-O 15. Nd5 Bxd5 16. Bxe7 Bxf3 17. Qxf3 Qa5 18. Bxf8 Rxf8 19. c3 Qb6 20. Re2 Rb8 21. Rae1 Be5 22. h4 Qa5 23. a3 Qa4 {1-0 Castella Garcia,F (2317)-Mihelic,V (2140) Titled Tue 12th Mar Late 2024 (4)}) 9... Qd7 $146 ({RR} 9... f6 10. Bd2 Bg7 11. Nc3 Ne7 12. O-O O-O 13. Qc1 Rb8 14. b3 f5 15. Qe1 fxe4 16. Qxe4 d5 17. Qh4 Qd6 18. Qg3 Qd8 19. Nh4 Rb4 20. h3 Nc6 21. Nf3 Bf5 22. Rac1 c4 23. Rfd1 cxb3 24. cxb3 {0-1 Salakhova,G (2125)-Vajda,S (2155) Budapest FS02 IM (Women) 1994 (4)}) ({RR} 9... f6 10. Bf4 Nh6 11. Nc3 Be6 12. h4 Nf7 13. Qe2 Bg7 14. h5 g5 15. Bd2 O-O 16. Nh2 f5 17. O-O-O Rb8 18. h6 Nxh6 19. exf5 Bxa2 20. b3 Nxf5 21. Qe6+ Kh8 22. Nf3 Qe8 23. Rxh7+ Kxh7 24. Nxg5+ {1-0 Kobese,W (2400)-Steenkamp,J RSA-ch op Bloemfontein 2005 (9)}) 10. Nc3 Bg7 11. Qd2 Rb8 12. Rb1 h6 13. Bf4 g5 14. Bg3 Ne7 15. O-O f5 16. exf5 O-O 17. h4 g4 18. Nh2 Nxf5 19. Nd5 Bb7 20. c4 Bd4 21. Kh1 Bxd5 22. cxd5 Qg7 23. b3 Rbe8 24. Qd3 h5 25. Rbe1 Qf7 26. Rxe8 Rxe8 27. Qd2 Qxd5 28. Qg5+ Bg7 29. Bf4 Kf8 30. f3 g3 31. Bxg3 Qf7 32. Re1 Bh6 0-1

[Event "Olympiad Women 2024"]
[Site "Budapest HUN"]
[Date "2024.09.15"]
[Round "5.10"]
[Board "3"]
[White "Radeva, Viktoria"]
[Black "Ter-Avetisjana, Agnesa Stepania"]
[Result "1/2-1/2"]
[WhiteElo "2297"]
[BlackElo "2134"]
[PlyCount "72"]
[EventDate "2024.09.11"]
[WhiteTeam "Bulgaria"]
[BlackTeam "Latvia"]
[WhiteTeamCountry "BUL"]
[BlackTeamCountry "LAT"]

1. e4 c6 2. Nc3 d5 3. Nf3 Bg4 4. h3 Bxf3 5. Qxf3 e6 6. Be2 Bc5 7. Qg3 Bd4 8. exd5 exd5 9. O-O Nd7 10. Bd1 Ne7 11. Ne2 Be5 12. Qf3 Ng6 13. d4 Bc7 14. c3 O-O 15. Bc2 Nf6 16. Bg5 Qd6 17. g3 Ne4 18. Be3 $146 ({RR} 18. Bxe4 dxe4 19. Qxe4 Rae8 20. Qf3 Qe6 21. Nf4 Bxf4 22. Bxf4 Nxf4 23. Qxf4 Qxh3 24. Rfe1 Qd7 25. Qf3 Re6 26. Rxe6 Qxe6 27. Qe3 Re8 28. Qxe6 Rxe6 29. Kf1 f5 30. a4 Kf7 31. a5 a6 32. Ra4 g5 {1-0 Tomczak,J (2584)-Socko,B (2636) POL-ch Lotto 79th 2022 (2.5)}) 18... Rae8 19. Rfe1 f5 20. Nf4 Qd7 21. h4 Nh8 22. Kg2 Nf7 23. Nd3 g6 24. Bf4 Bb6 25. Qd1 Nf6 26. Ne5 Qc8 27. Nxf7 Rxf7 28. Qd2 Ne4 29. Qd3 Bc7 30. Qf3 Rfe7 31. Re3 Nd2 32. Qe2 Rxe3 33. Bxe3 Nc4 34. Qf3 Nxe3+ 35. fxe3 Qe6 36. Re1 h5 1/2-1/2

[Event "Olympiad Women 2024"]
[Site "Budapest HUN"]
[Date "2024.09.15"]
[Round "5.10"]
[Board "4"]
[White "Krumina, Linda"]
[Black "Krasteva, Beloslava"]
[Result "1-0"]
[WhiteElo "2091"]
[BlackElo "2295"]
[PlyCount "97"]
[EventDate "2024.09.11"]
[WhiteTeam "Latvia"]
[BlackTeam "Bulgaria"]
[WhiteTeamCountry "LAT"]
[BlackTeamCountry "BUL"]

1. d4 Nf6 2. Nf3 e6 3. e3 b6 4. Bd3 Bb7 5. O-O d5 6. b3 Bd6 7. Bb2 O-O 8. Ne5 c5 9. Nd2 Nc6 10. f4 Rc8 11. a3 Ne7 12. Qf3 b5 13. Bxb5 $146 ({RR} 13. dxc5 Bxc5 14. b4 Bb6 15. Nb3 Nf5 16. Bxf5 exf5 17. Rac1 Ne4 18. Bd4 f6 19. Nd3 Qd7 20. Ndc5 Nxc5 21. Nxc5 Bxc5 22. bxc5 Rc6 23. Rfd1 Re6 24. Rb1 Bc6 25. Qh5 Re4 26. Rf1 Qf7 27. Qh4 a5 {½-½ Vojinovic,L (2265)-Efremov,V (2265) Arandjelovac Akva Gold IM3 2021 (1)}) ({RR} 13. dxc5 Bxc5 14. b4 Bb6 15. g4 Ne4 16. Rad1 Nxd2 17. Rxd2 f6 18. Qh3 g6 19. g5 fxe5 20. Qxe6+ Rf7 21. Qxe5 d4 22. Be4 Bxe4 23. Rxd4 Bxd4 24. Bxd4 Kf8 25. Qxe4 Qd5 26. Qd3 Qc4 27. Qxc4 Rxc4 {0-1 Mackenzie,W (1902)-Doll,A (2184) 13th Split Open 2024 (10.24)}) 13... cxd4 14. Bxd4 Rxc2 15. Qd1 Rc8 16. b4 Nf5 17. Nb3 Ne4 18. Rc1 Rxc1 19. Qxc1 f6 20. Nd7 Rf7 21. Nbc5 Bxc5 22. Nxc5 Bc8 23. Qb2 Ned6 24. Bd3 Nc4 25. Bxc4 dxc4 26. Rc1 Qd5 27. Qc3 Nd6 28. Qc2 e5 29. Bc3 exf4 30. Rd1 Qc6 31. exf4 Re7 32. a4 Bg4 33. Re1 Qe8 34. Rxe7 Qxe7 35. Qd2 Kf7 36. Qd5+ Be6 37. Qh5+ Kf8 38. Qe2 Bd5 39. Qd2 Bc6 40. b5 Nb7 41. Nxb7 Qxb7 42. Qd6+ Qe7 43. Qxe7+ Kxe7 44. bxc6 Kd6 45. f5 Kxc6 46. Kf2 h5 47. Ke3 Kd5 48. h4 a6 49. g3 1-0

[Event "Olympiad Women 2024"]
[Site "Budapest HUN"]
[Date "2024.09.15"]
[Round "5.11"]
[Board "1"]
[White "Daulyte-Cornette, Deimante"]
[Black "Alinasab, Mobina"]
[Result "1/2-1/2"]
[WhiteElo "2369"]
[BlackElo "2336"]
[PlyCount "81"]
[EventDate "2024.09.11"]
[WhiteTeam "France"]
[BlackTeam "Iran"]
[WhiteTeamCountry "FRA"]
[BlackTeamCountry "IRI"]

1. e4 {Stohl,Igor} c5 2. Nf3 e6 3. d4 cxd4 4. Nxd4 a6 ({RR} 4... Nc6 5. Nc3 Qc7 6. Be2 Nf6 7. O-O Be7 8. Be3 O-O 9. f4 d6 10. Ndb5 ({RR} 10. Kh1 a6 11. a4) 10... Qb8 11. a4 Rd8 12. Bf3 Bd7 13. Kh1 ({RR} 13. Qd2 Be8 14. Rad1 a6 15. Nd4 Qc7 16. Nb3 Rab8 17. a5 Nxa5 18. Nxa5 Qxa5 19. Nd5 Nxd5 20. Qxa5 Nxe3 21. Qa3 Nxf1 22. Kxf1 Bb5+ 23. Be2 Bxe2+ 24. Kxe2 Rbc8) ({RR} 13. g4 Be8 14. g5 Nd7 15. Bg2 a6 16. Nd4 Nxd4 17. Bxd4 Qc7 18. Be3 b6 19. Kh1 Rac8 20. f5 Ne5 21. f6 Bf8 22. Qh5 g6 23. Qh3 Nc4)) 5. Be2 ({RR} 5. Nc3) ({RR} 5. Bd3) ({RR} 5. c4) 5... Nf6 6. Nc3 Bb4 ({RR} 6... d6) 7. e5 ({RR} 7. Qd3 Qc7) ({RR} 7. O-O Bxc3 ({RR} 7... Qc7 {RR} 8. Bg5 ({RR} 8. Qd3 Nc6 9. Kh1 ({RR} 9. Nxc6 bxc6 10. f4 d5 11. e5 Nd7 12. Bd2 Rb8 13. Kh1 O-O 14. Na4 f6 15. Bg4 f5 16. Be2 c5 17. c3 c4 18. Qc2 Be7 19. b4 g5) 9... Nxd4 10. Qxd4 Bc5 11. Qd2 h6 12. f4 d6 13. Qe1 ({RR} 13. Qd3 Nd7 14. a3 b5 15. b4 Ba7 16. a4 bxa4 17. Bb2 Bb7 18. Rxa4 O-O 19. Qg3 e5 20. Bxa6 Bxa6 21. Rxa6 Bd4) 13... Bd7 14. Qg3 Bd4 15. Bf3 Qc4 16. Bd2 Bc6 17. Rae1 O-O-O 18. Be2 Qc5 ({RR} 18... Qb4) 19. Bd3 g5 20. Qf3 Rhg8 21. Na4 g4 ({RR} 21... Bxa4 22. c3 g4 23. Qe2 Bf2 24. Qxf2 Qxf2 25. Rxf2) 22. Qe2 Qh5) 8... Bxc3 9. Bxf6 gxf6 10. bxc3 Qxc3 11. Rb1 Nc6 12. Nxc6 Qxc6 13. Qd4 e5 ({RR} 13... Rg8) 14. Qe3 d6 15. Rb6 Qc5 16. Qxc5 dxc5 17. Bc4) ({RR} 7... d6 8. Qd3 Nbd7 9. Qg3 Bxc3 10. bxc3 Nxe4 11. Qxg7 Qf6 12. Qxf6 Ndxf6 13. c4 e5 14. Nb3 Be6 15. Bb2 Rc8 16. f3 Nc5 17. f4 Na4 18. Ba3 e4 19. Bxd6 Nc3 20. Rfe1 Nxe2+ 21. Rxe2 Bxc4 22. Ree1) 8. bxc3 Nxe4 ({RR} 8... Qc7 9. Qd3 d5 10. exd5 Nxd5 11. Bf3 ({RR} 11. Ba3) 11... Qxc3 12. Qxc3 Nxc3 13. Bb2 Nb5 14. Nxb5 axb5 15. Bxg7 Rg8 16. Bf6 Rg6 17. Bb2 Ra4 18. Rfe1 f5 19. Bh5) 9. Bf3 ({RR} 9. Bd3 Nf6 10. Re1 ({RR} 10. Ba3 d6) 10... O-O 11. Bg5 h6 12. Bh4 Nc6 ({RR} 12... d6) 13. Qf3 d5 14. Nb3 e5 15. Bxf6 Qxf6 16. Qxd5 Bf5 17. Qf3 Bxd3 18. Qxf6 gxf6 19. cxd3 Rfd8 20. Red1 Rd5 21. Kf1 Rad8 22. Ke2 f5 23. a4) ({RR} 9. Ba3 Nxc3 10. Qd3 ({RR} 10. Qe1 Qa5 11. Bd6 Nxe2+ 12. Qxe2 Qd5) 10... Nxe2+ 11. Qxe2 d6 12. Nf5 O-O 13. Nxd6 Qc7 14. Rad1) ({RR} 9. Qd3 Nc5 ({RR} 9... d5 10. Ba3 Qc7 ({RR} 10... Qa5 11. Bb4 Qa4 12. f3 Nf6 13. Qe3 Nc6 14. Nxc6 Qxc6 15. f4 a5 16. Ba3 Bd7 17. Rab1 Rc8 18. c4 dxc4 19. Bf3 Nd5 20. Bxd5 Qxd5 21. Rfd1 Qc6 22. f5) 11. c4 Nc5 12. Qe3 O-O 13. cxd5 exd5 14. Nb5 axb5 15. Bxc5) 10. Qg3 O-O 11. Ba3 d6 12. Rfd1 Qe7 13. Nb3 e5 14. Nxc5 dxc5 15. Rd5 Nd7 16. Rad1 b6 17. Bc1 Re8 18. Rd6 Kh8 19. Bc4 ({RR} 19. Rc6) 19... b5 20. Bf1 Nf8 21. Be3 c4 22. h4 Bf5) 9... d5 ({RR} 9... Nc5 10. Ba3 d6 11. Nb3 Qc7 12. Qd2 Nbd7 13. Rad1 Ne5 14. Be2 ({RR} 14. Nxc5 Nxf3+ 15. gxf3 dxc5 16. Bxc5 f6 17. Qe3 Kf7 18. Rd6 Rd8)) 10. Bxe4 dxe4 11. Ba3 e5 12. Qh5 ({RR} 12. Qe2 exd4 13. Qxe4+ Be6 14. Qxb7 Nd7 15. Rfe1 Rb8 16. Qxa6 Qb6 17. Qa4 Kd8 18. cxd4 Qb5 19. Qa7 Qb6 20. Qa4 Qb5 21. Qa7 Qb6 22. Qa4) 12... exd4 ({RR} 12... Qf6 13. Nb3 Bf5 14. Rad1 Qg6 15. Qh4 f6 16. Nc5) 13. Rfe1 Be6 14. Rxe4 Qf6 15. Rae1 Kd8 16. Rxd4+ Nd7 17. Qc5) 7... Ne4 ({RR} 7... Qa5 8. exf6 Bxc3+ 9. bxc3 Qxc3+ 10. Qd2 Qxa1 11. O-O Nc6 12. c3 Nxd4 13. Qxd4 Qxa2 14. fxg7 Rg8 15. Bg5 d5 16. Qf6 Kd7 17. Qxf7+ Kc6 18. Qxg8) 8. O-O ({RR} 8. Qd3 Qa5 9. O-O ({RR} 9. Qxe4 Bxc3+ 10. bxc3 Qxc3+ 11. Bd2 Qxa1+ 12. Bd1 Nc6 13. Nxc6 bxc6 14. O-O Rb8 15. Qg4 O-O 16. Bh6 Qxe5 17. Bf4 Qb2 18. Qg3 Rb5) 9... Nxc3 10. bxc3 Bxc3 11. Rb1 Nc6 ({RR} 11... Bxd4 12. Qxd4 Nc6 13. Qd3 O-O ({RR} 13... Qxe5 14. Bb2) 14. f4) 12. Nxc6 dxc6 ({RR} 12... bxc6 13. f4 Bb4 14. f5 g6 15. fxe6 dxe6 16. Bh6 Bf8 17. Qf3 Qc7 18. Be3 Bb7 19. Kh1 Rb8 20. Bxa6) 13. f4 O-O 14. Rd1 ({RR} 14. Rf3 Bb4 15. Rxb4 Qxb4 16. Ba3 Qb6+ 17. Kh1 Rd8)) 8... Nxc3 9. bxc3 Bxc3 ({RR} 9... Be7 10. Bf4 O-O 11. Qd3 Bg5 12. Bxg5 Qxg5 13. f4 Qe7 14. f5 ({RR} 14. c4 d6 15. Qa3 Rd8 16. Nb5) 14... f6 15. Qh3 ({RR} 15. Qe4) 15... Nc6 16. fxe6 ({RR} 16. exf6) 16... Nxe5 17. Bd3 Nxd3 18. exd7 Bxd7 19. Qxd3 Rfe8 20. Rf3 Rac8 21. Rg3 Rc5 22. Rd1 Re5 23. h3 Re3 24. Rxe3) 10. Ba3 ({RR} 10. Rb1 Qc7 ({RR} 10... Nc6 11. Nxc6 dxc6) 11. Rb3 Bxd4 12. Qxd4 O-O ({RR} 12... Nc6 13. Qg4 Qxe5 14. Bb2) 13. Rh3 Qd8 14. Bd3 g6 15. Bh6 Nc6 16. Qe3 b5 17. Bg7) 10... Qa5 ({RR} 10... Bxa1 11. Qxa1) 11. Bd6 Nc6 ({RR} 11... Bb4 12. Nf3 ({RR} 12. Nb3 Qb6 13. Nd2) 12... Nc6 13. Rb1 Bxd6 14. Qxd6 Qd8 15. c4 Qe7 16. c5 f6 17. Rb6 fxe5 18. Bd3 Qxd6 19. cxd6 O-O 20. Be4 a5 21. a4) 12. Nxc6 ({RR} 12. Nb3 Qd8 13. f4 Bxa1 14. Qxa1 b6 ({RR} 14... Ne7 15. Nd4 O-O 16. Bf3 Re8 17. c4)) 12... dxc6 13. f4 Bxa1 ({RR} 13... Bb4 14. Qd4 Bxd6 15. exd6 f6 16. c4 c5 17. Qd3 Bd7 18. Bh5+ Kf8 ({RR} 18... Kd8) 19. f5 exf5 20. Rae1 g6 21. Re7 Bc6 22. Qe3 h6 23. Qe6) 14. Qxa1 Qd2 15. Rf2 $146 ({RR} 15. Bd3 Qe3+ 16. Kh1 Bd7 17. Qb2 ({RR} 17. Rf3 Qb6 ({RR} 17... Qd2 18. Qb1)) 17... b5 ({RR} 17... O-O-O 18. Bxa6 Qa7 19. Qxb7+ Qxb7 20. Rb1 Be8 ({RR} 20... Qxa6 21. Rb8#) 21. Bxb7+ Kd7 22. Rb6) 18. a4 Rc8 19. f5 exf5 ({RR} 19... Qh6 20. fxe6 Bxe6 21. Qd4) ({RR} 19... h6 20. Rd1) ({RR} 19... h5 20. axb5 axb5 ({RR} 20... cxb5 21. Qa3 Qb6 22. Qc1 Rc6 ({RR} 22... Qd8 23. f6) 23. Qg5 Rxd6 24. exd6 Qxd6 25. fxe6 Bxe6 26. Qxg7) 21. Qc3 ({RR} 21. Qa1 exf5 22. e6 Bxe6 23. Bf4 ({RR} 23. Qxg7 Qh6) 23... Qc5 24. Qxg7 Rf8) 21... h4 ({RR} 21... exf5 22. e6 Bxe6 23. Bf4 Qb6 24. Qxg7) 22. h3 Rh6) 20. e6 Qxe6 ({RR} 20... fxe6 21. Qxg7) ({RR} 20... Bxe6 21. Qxg7 Kd7 22. Bf4 Rcg8 ({RR} 22... Rhg8 23. Qxg8) ({RR} 22... Qc5 23. Rd1) 23. Qc3 ({RR} 23. Qxg8 Qxd3) ({RR} 23. Qa1 Qb6 24. Be5 Rxg2) ({RR} 23. Qb2 Qb6 24. Be5 Qe3 25. Bxh8 Rxg2 26. Qe5 Qxe5 27. Bxe5 Bd5 28. c4 bxc4 29. Bxc4 Rf2+ ({RR} 29... Be4 30. Bd3 Rf2+ 31. Kg1) 30. Kg1 ({RR} 30. Bxd5 Rxf1+ 31. Kg2 Re1 32. Bg3 Ra1) 30... Rg2+) 23... Qb6 ({RR} 23... Qh3 24. Qd4+) 24. a5 ({RR} 24. Be5 b4 25. Qa1 Rxg2 ({RR} 25... f6 26. Bd4 c5 27. Bxf6 Rxg2 28. Kxg2 Rg8+ 29. Kf2 c4+ 30. Bd4 Qd8 31. Bf6 Qb6+) 26. Kxg2 ({RR} 26. Bxh8 Rf2) 26... Bd5+ 27. Kh3 Qe3+ 28. Bg3 Qh6+ 29. Bh4 Qe3+ ({RR} 29... Rg8 30. Bxf5+ Kc7 31. Qe5+ Kb7 32. Rf2)) 24... Qb7 ({RR} 24... Qd8 25. Bxf5) 25. Be5 ({RR} 25. Qc5 Kc8 26. Be5 Rd8 27. Bxh8 Rxh8 28. Bxf5 Qc7) 25... c5 26. Rf3 ({RR} 26. Rf2 f6 ({RR} 26... Rxg2 27. Rxg2 Rg8 28. Bg3 f4 29. Qd2) 27. Bxf6 Rxg2 28. Rxg2 Rg8 29. Bf1 ({RR} 29. Qd2 Bd5 30. Bxf5+ Kc6 31. Bh3 Qf7 32. Kg1 Qxf6 33. Bd7+ ({RR} 33. Rxg8 Qa1+ 34. Kf2 Qf6+) 33... Kc7 34. Qxd5 Rxg2+ 35. Kxg2 Qg7+ 36. Kf2 Qxd7 37. Qxc5+ Qc6) 29... Bd5 30. Qd2 Ke6 31. Bb2 Qd7 ({RR} 31... Qc6 32. Kg1 Bxg2 33. Bxg2 Qd6)) 26... c4 ({RR} 26... f6 27. Bxf6 c4 28. Be2 Qe4 29. Rf2 b4 30. Qd2+ Kc7 ({RR} 30... Qd5 31. Bxc4) ({RR} 30... Kc8 31. Qd6) ({RR} 30... Bd5 31. Bf3) 31. Qxb4 Bd5 32. Bf1) 27. Bf1 ({RR} 27. Qd4+ Qd5 28. Qa7+ Ke8 29. Bf6 Qd7 30. Qxa6 Rg6 31. Bxc4 ({RR} 31. Bxh8 Bd5 32. Bxf5 Rxa6 33. Bxd7+ Kxd7 34. Rf5 Kc6 35. Bc3) 31... bxc4 32. Qa8+ Qc8 33. Qxc8+ Bxc8 34. Bxh8 Bb7 35. Rg3) ({RR} 27. Be2 Qe4 28. Rd3+ ({RR} 28. Rf2 b4 29. Qa1 ({RR} 29. Qd2+ Bd5 30. Bxh8 Rxg2) 29... c3)) 27... Bd5 28. Rf2 Qa8 ({RR} 28... b4 29. Qd2 c3 30. Qd3) 29. Rd2 ({RR} 29. Bxh8 Rxh8 30. Rxf5 Rd8) 29... Ke6 30. Qe3 f6 31. Bc3+ Be4 ({RR} 31... Kf7 32. Qd4 Qc6 33. Qxd5+ Qxd5 34. Rxd5) 32. Qd4 Qd8 33. Qc5 Bd5 34. Qe3+ Kf7 35. Qa7+) 21. Qxg7 Qxd6 22. Qxh8+ Qf8 ({RR} 22... Ke7 23. Re1+ Be6 24. Qxc8) 23. Qxh7 Kd8 ({RR} 23... bxa4 24. Bxf5 Rc7 25. Re1+ Kd8 26. Qh4+ Kc8 27. Bxd7+ Rxd7 28. Qxa4) ({RR} 23... Rd8 24. Re1+ ({RR} 24. Bxf5 Bxf5 25. Qxf5 Qe7) 24... Be6 25. Bxf5 Rd6) 24. Bxf5 Bxf5 ({RR} 24... Rc7 25. Qh4+ ({RR} 25. Rd1 Kc8) 25... Kc8 26. Bd3) 25. Qxf5 Kc7 26. c4 ({RR} 26. Qxf7+ Qxf7 27. Rxf7+ Kb6) ({RR} 26. axb5 axb5 ({RR} 26... cxb5 27. Qe5+ Kb6 28. Rf6+ Rc6 29. h4) 27. c4) 26... Kb6 ({RR} 26... bxc4 27. Qe5+ Kb6 28. Rb1+ Ka7 29. Qd4+ Ka8 30. Qb6) 27. Rb1 ({RR} 27. Qf2+ Kb7 ({RR} 27... Qc5 28. a5+) 28. axb5 cxb5 29. cxb5 axb5 30. Ra1 Qc5 31. Qxf7+ Rc7) 27... b4 28. a5+ Kc7 ({RR} 28... Ka7 29. Qf2+ Ka8 ({RR} 29... c5 30. Rxb4) 30. Qb6 c5 31. Qxa6+ Kb8) 29. c5 Rb8 {1-0 Giri,A (2714)-Vitiugov,N (2729) Reggio Emilia 54th 2011 (8)} ({RR} 29... Qe7 30. Qf4+ Kb7 31. Qxb4+ Ka8 32. h3)) 15... Qe3 16. Bf3 Bd7 17. c4 b5 18. c5 a5 19. a4 b4 20. g3 h5 21. h4 Rh6 22. Kg2 Rg6 23. Qb1 Kd8 24. Qe4 Qxe4 25. Bxe4 Ra7 26. Rb2 Ke8 27. Rb3 Rh6 28. Kf2 f6 29. Ke3 Kf7 30. Kd4 Rh8 31. Kc4 Rc8 32. Re3 Rh8 33. Kb3 f5 34. Bf3 Rh6 35. Rd3 Rh8 36. Re3 g6 37. Rd3 Rc8 38. Rd4 Be8 39. Be2 Rd8 40. Bf3 Rc8 41. Be2 1/2-1/2

[Event "Olympiad Women 2024"]
[Site "Budapest HUN"]
[Date "2024.09.15"]
[Round "5.11"]
[Board "2"]
[White "Azali, Tannaz"]
[Black "Milliet, Sophie"]
[Result "0-1"]
[WhiteElo "2125"]
[BlackElo "2348"]
[PlyCount "94"]
[EventDate "2024.09.11"]
[WhiteTeam "Iran"]
[BlackTeam "France"]
[WhiteTeamCountry "IRI"]
[BlackTeamCountry "FRA"]

1. d4 {Pavlovic,Milos} Nf6 2. c4 e6 3. Nc3 Bb4 4. Bd2 O-O 5. Nf3 d5 6. e3 Re8 ({RR} 6... c5 7. a3 ({RR} 7. dxc5 Bxc5 8. cxd5 ({RR} 8. Rc1 Nc6 9. cxd5 exd5 10. Be2 d4 11. exd4 Nxd4 12. O-O Nxe2+ 13. Qxe2 Re8 14. Qc4 b6 15. Bg5 Bb7 16. Rfd1 Qc8) 8... exd5 9. Be2 Nc6 10. O-O d4 11. exd4 Nxd4 12. Nxd4 Bxd4 13. Bf3 Be6 14. Qc2 Nd5 15. Nxd5 Bxd5 16. Bxd5 Qxd5) 7... Bxc3 8. Bxc3 cxd4 9. Bxd4 Nc6 10. cxd5 Nxd4 11. Qxd4 Qxd5 12. Qxd5 Nxd5 13. Bd3 b6 14. Ke2 Bb7 15. Rac1 Rac8 16. Nd4 a6 17. f3 Rfd8 18. g3 h6 19. Rhd1 Kf8) ({RR} 6... b6 7. Rc1 dxc4 ({RR} 7... Bb7 8. cxd5 exd5 9. Bd3 a6 10. O-O Bd6 11. Ne5 c5 12. f4 Nc6 13. Na4 c4 14. Bb1 b5 15. Nc3 b4 16. Na4 a5 17. Be1 Ne8 18. Qh5 g6 19. Qh6 f5 20. g4 Ng7 21. Nf3 Be7 22. h4) 8. Bxc4 Bb7 9. O-O Nbd7 10. Qe2 c5 11. a3 Bxc3 12. Bxc3 Ne4 13. Rfd1 Nxc3 14. Rxc3 Qe7 15. Ba6 Bxa6 16. Qxa6 cxd4 17. Nxd4 Nc5 18. Qc4 Rad8 19. Rcc1 Qh4 20. Qc2 Qe4 21. Qxe4) 7. Rc1 ({RR} 7. a3 Bf8 8. Rc1 Nbd7 9. Be2 a6 ({RR} 9... dxc4 10. Bxc4 a6 11. e4 ({RR} 11. a4 b6 12. O-O Bb7 13. Qe2 c5 14. Rfd1 Qc7 15. dxc5 Bxc5) 11... b5 12. Be2 Bb7 13. e5 Ne4 14. Nxe4 Bxe4 15. Ng5 Bd5 16. Bd3 g6 17. h4) 10. c5 c6 11. Na4 Ne4 ({RR} 11... e5 12. O-O e4 13. Ne1) 12. O-O Nxd2 13. Nxd2 ({RR} 13. Qxd2 e5 14. b4 e4 15. Ne1 Rb8 16. Nc2 Qh4 17. Nc3 Nf6 18. a4 Ng4 19. h3 Nh6) 13... e5 14. e4 dxe4 ({RR} 14... exd4 15. exd5 cxd5 16. Nf3 b5 17. cxb6 Nxb6 18. Nxd4 ({RR} 18. Nxb6 Qxb6 19. Qxd4 Rb8) 18... Nxa4 19. Qxa4 Bd7 20. Qb3 Qf6 21. Rfd1 Rab8) 15. Nxe4 Qh4 16. f3 exd4 17. Bc4 Nf6 ({RR} 17... Ne5 18. Nb6 Rb8 19. Nxc8 ({RR} 19. Qxd4 Bf5 20. b4 Bxe4 21. Rcd1 Rbd8 22. Qxe4 Qxe4 23. fxe4 Rxd1 24. Rxd1 Be7) 19... Rbxc8 20. Qxd4 Rcd8 21. Qc3 Kh8) 18. Nb6 Rb8 19. Nxc8 Rbxc8 20. Qxd4 Nxe4 ({RR} 20... Rcd8 21. Bxf7+ Kh8 22. Qe3) 21. fxe4 Rc7 {1-0 Nakamura,H (2767)-Aronian,L (2797) Saint Louis m 2014 (1)} ({RR} 21... Kh8 22. Bxf7 Rxe4 23. Qd7 Rb8 24. b4)) ({RR} 7. Be2 c6 8. O-O Nbd7) ({RR} 7. Bd3 Nbd7 8. O-O c5 9. a3 Bxc3 10. Bxc3 cxd4 11. exd4 b6) 7... a6 8. Qc2 Nbd7 9. c5 $146 ({RR} 9. cxd5 exd5 10. Bd3 Bd6 11. O-O Nf8 12. Ne2 c6 13. b4 Bg4 14. Ng3 Ng6 15. Nf5 Ne4 16. Nxd6 Nxd6 17. Ne5 Nxe5 18. dxe5 Rxe5 19. Bxh7+ Kh8 20. Bd3 Qh4 21. f3 Bf5 22. e4 dxe4 23. fxe4 Bxe4 {0-1 Maghsoodloo,P (2701)-Kovalenko,I (2674) Chess.com Rapid Wk3 Swiss 2022 (4)}) ({RR} 9. a3 Bf8 10. a4 c5 11. cxd5 exd5 12. Be2 cxd4 13. Nxd4 Nc5 14. O-O Bg4 15. Rfd1 Rc8 16. Be1 Qd7 17. Bxg4 Qxg4 18. b3 Ne6 19. h3 Qh5 20. Qf5 Qxf5 21. Nxf5 g6 22. Nd4 Ba3 23. Rb1 Nxd4 {½-½ Samunenkov,I (2532)-Rozentalis,E (2476) Krakow International 2024 (7.2)}) 9... e5 10. a3 Bxc3 11. Bxc3 e4 12. Ng1 Nf8 13. h4 Ng4 14. g3 Qf6 15. Bg2 Bd7 16. a4 Bxa4 17. Qd2 Bb5 18. Nh3 Ne6 19. Qd1 h5 20. Qb3 Rad8 21. Rc2 Qg6 22. Kd1 b6 23. cxb6 c5 24. Rd2 cxd4 25. Bxd4 Nxd4 26. Rxd4 Qxb6 27. Kd2 Rc8 28. Ra1 Qc6 29. Ke1 Ne5 30. Nf4 Bc4 31. Qa4 Qb7 32. Qa3 Rb8 33. Rd2 Qc8 34. Rc1 Qf5 35. Qc3 Rec8 36. Qd4 Nc6 37. Qc3 Rb3 38. Qxb3 Bxb3 39. Bh3 Qf6 40. Bxc8 Ne5 41. Re2 Nf3+ 42. Kf1 Bc4 43. Rxc4 dxc4 44. Bb7 Qd6 45. Bd5 Qb4 46. Nxh5 c3 47. b3 Qb5 0-1